LDR 01482nam a2200289 4500 001 000000367954 003 CaOOAMICUS 005 20260604094651.0 008 260529s2019 it 000 u ita r 020 $a978-88-6240-703-8 040 $aSeMil$bita 245 00$aMangia il pane con gioia, bevi il vino con allegria :$bletture di testi sacri per vivere insieme /$ca cura di Ernesto Borghi e Giuliano Savina ; contributi di Davide Assael ... [et. al.]. 264 1$aMilano :$bETS,$c2019. 300 $a95 p. ;$c21 cm 500 $aIn testa al front.: Associazione per il Refettorio Ambrosiano 500 $aLibro edito in occasione della manifestazione "12 ore di lettura di testi sacri" 700 1 $aBorghi, Ernesto,$d<1964- >.$0(OLS)http://semarc/name/13163 700 1 $aSavina, Giuliano,$d<1963- >.$0(OLS)http://semarc/name/91587 700 1 $aAssael, Davide,$d<1976- >.$0(OLS)http://semarc/name/92160 710 1 $aAssociazione per il Refettorio Ambrosiano.$0(OLS)http://semarc/name/124482 850 $aSeMil 852 $aSeMil$W1$xVenegono$y1$m2F V 15$j272868$B258608$CSeMilBibl$Z2$F258608 $81 961 $aBuzzi mons. Franco - Omaggio 996 $6020$a978-88-6240-703-8$9(OLS)http://semarc/number/306015 996 $6245$aMangia il pane con gioia, bevi il vino con allegria :$bletture di testi sacri per vivere insieme$9(OLS)http://semarc/title/459977 996 $6264$aMilano :$bETS$9(OLS)http://semarc/publisher/56442